000 00538nam a2200205Ia 4500
005 20250508152820.0
008 008 250505s9999 xx 000 0 hin d
037 _aTextBook
040 _aFEDL
_beng
_cFEDL
041 _ahin
_2hin
084 _a507, RAV
_qFEDL
100 _aRawat D S
245 0 _aVigyan shikshan
260 _aAgra, India
_bVinod Pustak Mandir
_c1961
300 _a223p
365 _aINR
_b4
650 _aScience Education - Teaching
_9762465
942 _cTB
_h507, RAV
999 _c1338928
_d1338928